Kings of Poland - Statistics

General Stats
  • This quiz has been taken 288 times
  • The average score is 21 of 29
Answer Stats
Reign Answer % Correct
1674-1696 Jan III Sobieski
92%
1492-1501 Jan I Olbracht
88%
1648-1668 Jan II Kazimierz
87%
1764-1795 Stanisław II August
85%
1386-1434 Władysław II Jagiełło
82%
1548-1572 Zygmunt II August
82%
1632-1648 Władysław IV Waza
80%
1587-1632 Zygmunt III Waza
78%
1025 Bolesław I Chrobry
77%
1704-1709, 1733-1736 Stanisław I Leszczyński
77%
1733-1763 August III Sas
76%
1573-1575 Henryk Walezy
76%
1434-1444 Władysław III Warneńczyk
76%
1320-1333 Władysław I Łokietek
76%
1697-1706, 1709-1733 August II Mocny
75%
1333-1370 Kazimierz III Wielki
75%
1576-1586 Stefan Batory
75%
1506-1548 Zygmunt I Stary
74%
1447-1492 Kazimierz IV Jagiellończyk
73%
1076-1079 Bolesław II Śmiały
72%
1025-1031 Mieszko II Lambert
69%
1384-1399 Jadwiga
66%
1370-1382 Ludwik Węgierski
64%
1669-1673 Michał Korybut Wiśniowiecki
61%
1575-1587 Anna Jagiellonka
50%
1300-1305 Wacław II
48%
1305-1306 Wacław III
48%
1501-1506 Aleksander Jagiellończyk
47%
1295-1296 Przemysł II
47%
No matching quizzes found
Score Distribution
Percent of People with Each Score
Percentile by Number Answered
Your Score History
You have not taken this quiz